[Event "ROU-ch Open 2021"]
[Site "Iasi"]
[Date "2021.04.21"]
[Round "4.19"]
[White "Illes, Sandor-Ferenc"]
[Black "Filip, Andrei (L.)"]
[Result "0-1"]
[WhiteElo "1935"]
[BlackElo "2168"]
[Annotator "ChessBase"]
[PlyCount "87"]
[EventDate "2021.04.19"]
[EventType "swiss"]
[EventCountry "ROU"]
[SourceTitle "playchess.com"]
[Source "ChessBase"]
[SourceQuality "1"]
[TimeControl "5400+30"]

1. e4 {[%emt 0:00:00]} c5 {[%emt 0:00:00]} 2. Nf3 {[%emt 0:00:00]} e6 {[%emt 0:00:00]} 3. d4 {[%emt 0:00:04]} cxd4 {[%emt 0:00:00]} 4. Nxd4 {[%emt 0:00:22]} a6 {[%emt 0:00:00]} 5. Be3 {[%emt 0:01:09]} Nf6 {[%emt 0:03:15]} 6. Nd2 {[%emt 0:00:41]} d5 {[%emt 0:04:06]} 7. Bd3 {[%emt 0:06:31]} e5 {[%emt 0:04:44]} 8. N4b3 {[%emt 0:00:45]} Nc6 {[%emt 0:02:54]} 9. c4 {[%emt 0:08:16]} Nb4 {[%emt 0:07:48]} 10. Bb1 {[%emt 0:03:44]} dxe4 {[%emt 0:13:16]} 11. Nxe4 {[%emt 0:00:46]} Qxd1+ {[%emt 0:01:38]} 12. Kxd1 {[%emt 0:00:17]} Nxe4 {[%emt 0:13:39]} 13. Bxe4 {[%emt 0:00:37]} f5 {[%emt 0:03:03]} 14. Bb1 {[%emt 0:02:46]} Be6 {[%emt 0:02:50]} 15. Nc5 {[%emt 0:15:57]} Bxc4 {[%emt 0:16:00]} 16. Bxf5 {[%emt 0:05:38]} Bxa2 {[%emt 0:10:51]} 17. Nxb7 {[%emt 0:19:35]} Bd5 {[%emt 0:01:16]} 18. Nc5 {[%emt 0:00:25]} Bxg2 {[%emt 0:02:00]} 19. Re1 {[%emt 0:03:07]} Bf3+ {[%emt 0:00:53]} 20. Kd2 {[%emt 0:00:22]} Rd8+ {[%emt 0:03:32]} 21. Kc3 {[%emt 0:00:30]} Nd5+ {[%emt 0:00:17]} 22. Kc4 {[%emt 0:00:39]} Nxe3+ {[%emt 0:03:54]} 23. Rxe3 {[%emt 0:00:30]} Bd5+ {[%emt 0:00:36]} 24. Kb4 {[%emt 0:00:24]} e4 {[%emt 0:02:21]} 25. Ra5 {[%emt 0:02:13]} Rb8+ {[%emt 0:00:40]} 26. Kc3 {[%emt 0:00:13]} Be7 {[%emt 0:02:05]} 27. Nxe4 {[%emt 0:01:36]} Bb4+ {[%emt 0:00:08]} 28. Kd4 {[%emt 0:00:58]} Bxa5 {[%emt 0:00:06]} 29. Nd6+ {[%emt 0:01:46]} Kf8 {[%emt 0:00:12]} 30. Kxd5 {[%emt 0:00:16]} g6 {[%emt 0:00:42]} 31. Bc8 {[%emt 0:05:48]} Rg8 {[%emt 0:01:44]} 32. Bxa6 {[%emt 0:13:01]} Rxb2 {[%emt 0:00:12]} 33. Re8+ {[%emt 0:01:06]} Kg7 {[%emt 0:00:02]} 34. Re7+ {[%emt 0:00:09]} Kf6 {[%emt 0:00:42]} 35. Rf7+ {[%emt 0:00:44]} Kg5 {[%emt 0:00:07]} 36. Rxh7 {[%emt 0:01:13]} Rd8 {[%emt 0:00:53]} 37. h4+ {[%emt 0:01:19]} Kf4 {[%emt 0:00:23]} 38. Rf7+ {[%emt 0:01:46]} Kg4 {[%emt 0:00:10]} 39. Bc8+ {[%emt 0:00:54]} Kxh4 {[%emt 0:00:08]} 40. Rf4+ {[%emt 0:00:02]} Kg5 {[%emt 0:00:44]} 41. Rd4 {[%emt 0:01:01]} Bc7 {[%emt 0:00:29]} 42. Kc6 {[%emt 0:02:02]} Rxd6+ {[%emt 0:00:10]} 43. Rxd6 {[%emt 0:00:04]} Bxd6 {[%emt 0:00:05]} 44. Kxd6 {[%emt 0:00:03]} 0-1

[Event "ROU-ch Open 2021"]
[Site "Iasi"]
[Date "2021.04.21"]
[Round "4.20"]
[White "Stepanencu, Nicodim-Cosmin"]
[Black "Panc, Samuel"]
[Result "1-0"]
[WhiteElo "2104"]
[BlackElo "1937"]
[Annotator "NA"]
[PlyCount "31"]
[EventDate "2021.04.19"]
[EventType "swiss"]
[EventCountry "ROU"]
[SourceTitle "playchess.com"]
[Source "ChessBase"]
[SourceQuality "1"]
[TimeControl "5400+30"]

1. e4 {[%emt 0:00:00]} c5 {[%emt 0:00:00]} 2. Nf3 {[%emt 0:00:00]} Nf6 {[%emt 0:00:00]} 3. e5 {[%emt 0:00:00]} Nd5 {[%emt 0:00:00]} 4. Nc3 {[%emt 0:00:00]} Nxc3 {[%emt 0:00:00]} 5. dxc3 {[%emt 0:00:00]} Nc6 {[%emt 0:00:03]} 6. Bc4 {[%emt 0:00:17]} e6 {[%emt 0:00:14]} 7. Bf4 {[%emt 0:00:06]} Qb6 {[%emt 0:02:45]} 8. Nd2 {[%emt 0:00:33]} Qc7 {[%emt 0:00:48]} 9. Qe2 {[%emt 0:00:14]} b6 {[%emt 0:10:06]} 10. O-O-O {[%emt 0:05:01]} Bb7 {[%emt 0:01:36]} 11. Kb1 {[%emt 0:24:39]} O-O-O {[%emt 0:02:01]} 12. Ne4 {[%emt 0:01:24]} Nxe5 {[%emt 0:01:04]} 13. Ng5 {[%emt 0:00:19]} d6 {[%emt 0:09:37]} 14. Bxe5 {[%emt 0:03:17]} dxe5 {[%emt 0:00:07]} 15. Rxd8+ {[%emt 0:00:34]} Kxd8 {[%emt 0:00:14]} 16. Bxe6 {[%emt 0:00:16]} 1-0

[Event "ROU-ch Open 2021"]
[Site "Iasi"]
[Date "2021.04.22"]
[Round "5.1"]
[White "Nevednichy, Vladislav"]
[Black "Nanu, Costica-Ciprian"]
[Result "1/2-1/2"]
[WhiteElo "2533"]
[BlackElo "2503"]
[Annotator "TA"]
[PlyCount "113"]
[EventDate "2021.04.19"]
[EventType "swiss"]
[EventCountry "ROU"]
[SourceTitle "playchess.com"]
[Source "ChessBase"]
[SourceQuality "1"]

{[%evp 13,113,15,21,25,14,13,19,9,45,45,43,12,10,14,29,28,26,25,16,25,0,8,8,-16,10,20,14,22,84,88,79,96,89,0,-8,-9,0,0,0,0,54,60,72,81,56,20,105,0,66,-43,-56,-56,-58,-79,-69,-75,-56,-43,0,-21,-19,-22,-22,-32,-43,-52,-48,-79,-52,-53,0,0,0,5,15,0,0,0,0,0,0,0,0,0,0,0,0,0,0,0,0,0,0,0,0,0,0,0,0,0,0,0]} 1. e4 c5 2. Nf3 Nc6 3. Bb5 g6 4. Bxc6 dxc6 5. d3 Bg7 6. h3 Nf6 7. O-O O-O 8. a4 {B31: Sicilian: 2...Nc6 3 Bb5 g6.} a5 9. Na3 b6 10. Re1 Ba6 {[#]} 11. Bd2 $146 ({Predecessor:} 11. Be3 e6 12. Qc1 Qc7 13. Bf4 Qd8 14. Ne5 Rc8 15. Nac4 Ne8 16. b3 f6 17. Nf3 {1-0 (43) Lavrinenkov,V (2120)-Reimann,M (1671) Augsburg 2013}) 11... Qc7 12. Qc1 (12. e5 $5 {[%cal Re5f6]} Nd5 13. Qc1 $11) 12... e5 13. b3 Nd7 14. Nc4 Rfe8 15. Nh2 Nf8 16. f4 exf4 17. Bxf4 Qd8 18. Rb1 Ne6 (18... b5 $5 {[%cal Rb5c4]} 19. Nd6 Re5 $1 $11) 19. Bh6 b5 20. Bxg7 bxc4 (20... Kxg7 $11 {keeps the balance.} 21. Ne3 h5) 21. Bc3 $16 cxd3 {Threatens to win with ...Nd4.} 22. Ng4 Nd4 23. cxd3 ({But not} 23. Nh6+ Kg7 $17) ({White should play} 23. Qf4 $1 $16) 23... Bxd3 $11 {[%mdl 64] Double Attack} 24. Rb2 {[%cal Rb2f2]} h5 $36 {[%mdl 2048] Black is pushing.} 25. Nf2 Ba6 26. Qf4 g5 (26... Ra7 $11) 27. Qg3 $14 {[%mdl 1024] White has compensation.} h4 28. Qg4 Qf6 29. Qh5 {aiming for Ng4.} Kg7 {[#]} (29... Be2 $11 30. Bxd4 Qxf2+ 31. Bxf2 Bxh5) 30. e5 ({Of course not} 30. Ng4 $6 Qg6 $11) (30. Rc2 $3 $16 {[%mdl 512]}) 30... Qg6 ({Wrong is} 30... Rxe5 $2 31. Rxe5 Qxe5 32. Ng4 $18) (30... Qf5 $1 $11) 31. Qxg6+ ({Better is} 31. Qd1 $14) 31... Kxg6 $15 32. Ng4 Bc8 33. Nf6 {[#]} Re7 34. Rd2 Be6 35. Ne4 Nxb3 (35... Bd5 $5 {[%cal Re7e5]} 36. Nxc5 Ne6 37. Nxe6 fxe6 $15) 36. Rf2 Rd8 37. Rf6+ Kg7 38. Nxg5 Rd3 39. Rf3 Red7 {And now ...Rxf3 would win.} 40. Ref1 Rxf3 41. Rxf3 c4 (41... Kg6 $15 42. Nxe6 fxe6) 42. Rf4 $11 {The position is equal.} Nc1 {...Ne2+ is the strong threat.} 43. Nxe6+ fxe6 44. Rxc4 {[%mdl 4096] Endgame KRB-KRN} (44. Rg4+ {with more complications.} Kf7 45. Bxa5 Rd5 46. Bb4 c3 47. Rc4) 44... Ne2+ 45. Kf2 Nxc3 46. Rxc3 {KR-KR} Rd4 47. Rxc6 Kf7 48. Ra6 Rxa4 49. Kf3 Kg6 50. Rxe6+ Kf5 51. Re8 Rf4+ 52. Ke3 Re4+ 53. Kf3 Rxe5 54. Rh8 Kg5 55. Rg8+ Kh5 56. Rh8+ Kg5 57. Rg8+ {Weighted Error Value: White=0.13/Black=0.16} 1/2-1/2

[Event "ROU-ch Open 2021"]
[Site "Iasi"]
[Date "2021.04.22"]
[Round "5.2"]
[White "Jianu, Vlad-Cristian"]
[Black "Stoleriu, George"]
[Result "1/2-1/2"]
[WhiteElo "2532"]
[BlackElo "2349"]
[Annotator "TA"]
[PlyCount "39"]
[EventDate "2021.04.19"]
[EventType "swiss"]
[EventCountry "ROU"]
[SourceTitle "playchess.com"]
[Source "ChessBase"]
[SourceQuality "1"]

{[%evp 21,39,41,31,27,39,34,34,32,36,23,45,30,46,34,33,29,34,26,43,20]} 1. d4 Nf6 2. c4 e6 3. Nf3 Bb4+ 4. Bd2 Qe7 5. g3 Bxd2+ 6. Qxd2 d6 7. Bg2 O-O 8. Nc3 Re8 9. O-O e5 10. e4 Bg4 11. Ne1 Nc6 12. Nc2 {E11: Bogo-Indian.} exd4 13. Nxd4 Nxd4 14. Qxd4 Qe5 15. Qd2 {[#]} h5 $146 ({Predecessor:} 15... Qh5 16. f3 Be6 17. b3 Qa5 18. Rad1 a6 19. Nd5 Qc5+ 20. Qf2 Qxf2+ 21. Rxf2 Rac8 22. Nxf6+ gxf6 {½-½ (35) Haug,J (2403)-Galego,L (2508) Lisbon 2019}) 16. h3 Bd7 17. b3 Bc6 {[%cal Rf6e4]} 18. Rae1 Qc5 19. Re3 Re7 20. Rfe1 {Weighted Error Value: White=0.05/Black=0.06} 1/2-1/2

[Event "ROU-ch Open 2021"]
[Site "Iasi"]
[Date "2021.04.22"]
[Round "5.3"]
[White "Gavrilescu, David"]
[Black "Magold, Filip"]
[Result "1-0"]
[WhiteElo "2476"]
[BlackElo "2065"]
[Annotator "TA"]
[PlyCount "109"]
[EventDate "2021.04.19"]
[EventType "swiss"]
[EventCountry "ROU"]
[SourceTitle "playchess.com"]
[Source "ChessBase"]
[SourceQuality "1"]

{[%evp 12,109,33,31,37,32,28,16,33,25,25,25,43,34,66,52,97,93,105,91,122,109,107,129,130,118,121,69,133,119,112,97,95,106,89,0,0,-91,-97,-150,-147,-154,-94,-137,-145,-219,-181,-189,-115,-115,-100,-114,-110,-101,-58,-64,-59,-60,-62,-48,-53,-60,-50,-214,104,101,158,-19,94,0,571,500,1843,1744,1724,2106,2829,2472,2689,2807,7499,1377,734,1484,643,1496,1488,1484,1489,1479,1479,1424,1344,1337,796,786,29957,29953,29975,29975]} 1. e4 c5 2. Nf3 d6 3. d4 cxd4 4. Nxd4 Nf6 5. Nc3 a6 6. h3 e6 7. g4 Nfd7 {B81: Sicilian Scheveningen: Keres Attack.} 8. Bg2 Be7 9. Be3 Nc6 {The position is equal.} 10. h4 Nde5 11. g5 Nc4 12. Bc1 {[#]} Qb6 $146 ({Predecessor:} 12... O-O 13. Nxc6 bxc6 14. b3 Nb6 15. Bb2 a5 16. Ne2 Ba6 17. Ng3 d5 18. Qd4 Bb4+ {1-0 (44) Stevic,H (2613)-Yilmaz,M (2564) Sarajevo 2014}) 13. Nxc6 bxc6 14. b3 $1 {[%cal Rb3c4]} Ne5 15. Na4 Qa7 16. Be3 c5 17. f4 Nd7 18. Qd2 Bb7 19. Qc3 (19. O-O-O $16) 19... Rg8 (19... O-O $14) 20. Nb2 d5 21. Qd3 c4 22. bxc4 Bc5 23. Ke2 (23. Rh3 $1 $16 {[%cal Rc4d5]} dxe4 24. Bxe4) 23... dxe4 $11 24. Qc3 (24. Bxe4 $11 {remains equal.} Bxe3 25. Qxe3) 24... Bc6 $17 25. Nd1 ({White should try} 25. Rhd1) 25... f5 26. Rb1 Rc8 (26... Qc7 $142 27. Bxc5 Nxc5) 27. Qa5 Kf7 28. Rh3 (28. h5 $17) 28... Rgd8 29. h5 Bxe3 (29... Kg8 $19 30. h6 g6 31. Bxc5 (31. Qc3 $2 e5 $19) 31... Nxc5) 30. Nxe3 Qc5 31. Qc3 Rg8 32. Rd1 h6 33. Rg3 hxg5 $1 34. Rxg5 {Nxf5 is the strong threat.} Nf6 {Hoping for ...Rcd8.} 35. Bh3 $1 {[%cal Rh3f5] [#] Threatens to win with Bxf5!} Bb5 $1 {[%cal Rb5c4][%mdl 64] Pin} 36. Bxf5 (36. Ke1 g6) 36... exf5 37. Rxf5 $2 ({White has to play} 37. Ke1 $1 $15 g6 38. hxg6+ Rxg6 39. Rxf5) 37... Qe7 $2 ({Better is} 37... Bxc4+ $19 38. Ke1 Qc6) 38. Qb3 $1 $16 {[%mdl 1024] White has strong compensation.} Bc6 (38... Be8 $142) 39. Ng4 $2 (39. Re5 $1 $16 Qc7 40. Nf5) 39... Rgd8 {[#]} (39... Qe6 $1 $11 40. Ne5+ Ke8) 40. Rg1 (40. c5+ $1 $16 Qe6 41. Ne5+ Ke7 42. Nxc6+ Qxc6 43. Rg1) 40... Rd6 $2 {[%mdl 8192]} (40... Qe6 $11 41. Rxf6+ gxf6 42. Nh6+ Ke8 43. Rg8+ Kd7 44. Rg7+ Ke8 45. Rg8+ Ke7 46. Qb4+ Kd7 47. Rg7+ Ke8 48. Rg8+ Kd7 49. Rg7+ Ke8 50. Rg8+ Kd7) 41. c5+ {[%mdl 64] Discovered Attack} Re6 (41... Bd5 $142 42. Rxd5 {[%mdl 64] Deflection} Rxd5 43. Nxf6 {[%mdl 64] Pin} Qxc5 44. Qxd5+ Qxd5 45. Nxd5 Rxc2+ 46. Ke3 Rxa2) 42. h6 $18 ({Weaker is} 42. Nxf6 gxf6 43. Qg3 Ke8 $18) 42... Bb5+ 43. Ke1 Rxc5 44. Ne5+ Ke8 45. hxg7 Rcxe5 {[#]} 46. Rxe5 (46. Rxf6 $142 $1 {[%mdl 512]} Rxf6 47. g8=Q+ Rf8 48. Qg6+ Kd7 49. fxe5) 46... Rxe5 47. fxe5 Qxe5 48. g8=Q+ (48. g8=R+ $142 Nxg8 49. Rxg8+ Ke7 50. Qa3+ Kd7 51. Qe3) 48... Nxg8 49. Qxg8+ {[%mdl 4096] Endgame KQR-KQB} Kd7 50. Qg7+ Qxg7 51. Rxg7+ Kd6 52. Kd2 Kd5 53. Ke3 Kc4 54. Kxe4 Kb4 55. Kd4 {What a bad dream for Black.  Weighted Error Value: White=0.30/Black=0.60} 1-0

[Event "ROU-ch Open 2021"]
[Site "Iasi"]
[Date "2021.04.22"]
[Round "5.4"]
[White "Filip, Andrei (L.)"]
[Black "Filip, Lucian-Ioan"]
[Result "1/2-1/2"]
[WhiteElo "2168"]
[BlackElo "2442"]
[Annotator "TA"]
[PlyCount "22"]
[EventDate "2021.04.19"]
[EventType "swiss"]
[EventCountry "ROU"]
[SourceTitle "playchess.com"]
[Source "ChessBase"]
[SourceQuality "1"]

{[%evp 9,22,6,23,7,28,14,18,13,19,-18,-26,-4,3,-28,2]} 1. e4 e6 2. d4 d5 3. Nd2 c5 4. exd5 Qxd5 5. dxc5 Nf6 6. Ngf3 {C07: French Tarrasch: 3...c5, 4 Ngf3 and 4 exd5 Qxd5.} Qxc5 7. Bd3 Nbd7 8. O-O Qc7 9. Nb3 Bd6 10. a4 {[#]} O-O $146 ({Predecessor:} 10... a6 11. a5 Ng4 12. h3 Nge5 13. Nxe5 Nxe5 14. Be3 Nxd3 15. Qxd3 Qe7 16. Rad1 Bc7 17. Bc5 Qf6 18. f4 h5 19. Qe4 Qg6 20. Qa4+ {1-0 (20) Robson,R (2645)-Arjun,U (1779) Columbus 2017}) 11. h3 e5 {A rather calm draw.  Weighted Error Value: White=0.12/Black=0.08} 1/2-1/2

[Event "ROU-ch Open 2021"]
[Site "Iasi"]
[Date "2021.04.22"]
[Round "5.5"]
[White "Magold, Victor"]
[Black "Ghimpu, Samuel-Timotei"]
[Result "1/2-1/2"]
[WhiteElo "2014"]
[BlackElo "2315"]
[Annotator "ChessBase"]
[PlyCount "60"]
[EventDate "2021.04.19"]
[EventType "swiss"]
[EventCountry "ROU"]
[SourceTitle "playchess.com"]
[Source "ChessBase"]
[SourceQuality "1"]
[TimeControl "5400+30"]

1. d4 {[%emt 0:00:00]} Nf6 {[%emt 0:00:00]} 2. Nf3 {[%emt 0:00:00]} g6 {[%emt 0:00:00]} 3. g3 {[%emt 0:00:00]} Bg7 {[%emt 0:00:00]} 4. c4 {[%emt 0:00:06]} O-O {[%emt 0:00:12]} 5. Bg2 {[%emt 0:00:03]} d6 {[%emt 0:00:07]} 6. O-O {[%emt 0:00:09]} Nc6 {[%emt 0:00:03]} 7. Nc3 {[%emt 0:01:02]} Bf5 {[%emt 0:00:11]} 8. Nh4 {[%emt 0:02:55]} Bd7 {[%emt 0:00:13]} 9. b3 {[%emt 0:03:33]} a5 {[%emt 0:00:16]} 10. Bb2 {[%emt 0:00:26]} e5 {[%emt 0:00:06]} 11. dxe5 {[%emt 0:01:08]} dxe5 {[%emt 0:00:52]} 12. Qd2 {[%emt 0:07:17]} Re8 {[%emt 0:41:31]} 13. Nd5 {[%emt 0:15:34]} Nxd5 {[%emt 0:07:11]} 14. cxd5 {[%emt 0:04:04]} Nd4 {[%emt 0:00:31]} 15. Nf3 {[%emt 0:09:14]} Nb5 {[%emt 0:09:51]} 16. e4 {[%emt 0:03:21]} a4 {[%emt 0:00:35]} 17. Rac1 {[%emt 0:03:48]} Qf6 {[%emt 0:04:31]} 18. Rc4 {[%emt 0:11:52]} axb3 {[%emt 0:04:11]} 19. axb3 {[%emt 0:00:09]} Qb6 {[%emt 0:00:33]} 20. Rfc1 {[%emt 0:08:02]} Ra2 {[%emt 0:02:01]} 21. Ra4 {[%emt 0:01:09]} Bh6 {[%emt 0:01:13]} 22. Qxh6 {[%emt 0:03:45]} Rxb2 {[%emt 0:00:06]} 23. Rf1 {[%emt 0:00:49]} f6 {[%emt 0:04:28]} 24. Bh3 {[%emt 0:04:06]} Bxh3 {[%emt 0:00:55]} 25. Qxh3 {[%emt 0:00:13]} Nd6 {[%emt 0:03:44]} 26. Qd7 {[%emt 0:08:43]} Qxb3 {[%emt 0:00:57]} 27. Nh4 {[%emt 0:05:03]} Rb1 {[%emt 0:01:45]} 28. Ra1 {[%emt 0:02:00]} Rxf1+ {[%emt 0:03:37]} 29. Rxf1 {[%emt 0:00:25]} Qc4 {[%emt 0:00:44]} 30. Ng2 {[%emt 0:00:41]} Qxe4 {[%emt 0:09:40]} 1/2-1/2

[Event "ROU-ch Open 2021"]
[Site "Iasi"]
[Date "2021.04.22"]
[Round "5.6"]
[White "Padurariu, Mihai-Edward"]
[Black "Antonica, Dragos-Andrei"]
[Result "1/2-1/2"]
[WhiteElo "2084"]
[BlackElo "2291"]
[Annotator "ChessBase"]
[PlyCount "119"]
[EventDate "2021.04.19"]
[EventType "swiss"]
[EventCountry "ROU"]
[SourceTitle "playchess.com"]
[Source "ChessBase"]
[SourceQuality "1"]
[TimeControl "5400+30"]

1. e4 {[%emt 0:00:00]} d5 {[%emt 0:00:00]} 2. exd5 {[%emt 0:00:00]} Qxd5 {[%emt 0:00:00]} 3. Nf3 {[%emt 0:00:05]} Bg4 {[%emt 0:00:01]} 4. Be2 {[%emt 0:00:08]} Nc6 {[%emt 0:00:06]} 5. d4 {[%emt 0:00:05]} O-O-O {[%emt 0:00:40]} 6. c4 {[%emt 0:00:35]} Qf5 {[%emt 0:00:36]} 7. Be3 {[%emt 0:00:55]} Bxf3 {[%emt 0:00:55]} 8. Bxf3 {[%emt 0:00:06]} Nxd4 {[%emt 0:00:47]} 9. Bg4 {[%emt 0:00:25]} Nc2+ {[%emt 0:00:05]} 10. Qxc2 {[%emt 0:00:02]} Qxg4 {[%emt 0:00:01]} 11. O-O {[%emt 0:00:14]} e6 12. c5 {[%emt 0:16:34]} Qf5 {[%emt 0:14:37]} 13. Qc4 {[%emt 0:12:40]} Qd5 {[%emt 0:13:12]} 14. Qb4 {[%emt 0:10:04]} Nf6 {[%emt 0:19:12]} 15. Nc3 {[%emt 0:02:41]} Qc6 {[%emt 0:01:32]} 16. Qc4 {[%emt 0:05:16]} Nd5 {[%emt 0:12:08]} 17. b4 {[%emt 0:04:26]} Nxc3 {[%emt 0:01:33]} 18. Qxc3 {[%emt 0:00:03]} Be7 {[%emt 0:00:22]} 19. Rab1 {[%emt 0:03:50]} Bf6 {[%emt 0:01:02]} 20. Qc2 {[%emt 0:00:45]} Qb5 {[%emt 0:04:00]} 21. a4 {[%emt 0:06:49]} Qd3 {[%emt 0:01:05]} 22. Qa2 {[%emt 0:00:03]} Kb8 {[%emt 0:15:01]} 23. b5 {[%emt 0:04:24]} Rd5 {[%emt 0:04:03]} 24. c6 {[%emt 0:09:43]} Bd4 {[%emt 0:02:54]} 25. Rfd1 {[%emt 0:02:33]} Qc3 {[%emt 0:02:36]} 26. Bxd4 {[%emt 0:03:27]} Rxd4 {[%emt 0:00:05]} 27. Rxd4 {[%emt 0:01:03]} Qxd4 {[%emt 0:00:01]} 28. cxb7 {[%emt 0:01:01]} Rd8 {[%emt 0:00:18]} 29. h3 {[%emt 0:01:24]} Qc3 {[%emt 0:03:53]} 30. a5 {[%emt 0:05:40]} Rd2 {[%emt 0:00:45]} 31. Qa4 {[%emt 0:00:01]} Rd4 {[%emt 0:00:01]} 32. Qa2 {[%emt 0:00:12]} Rd2 {[%emt 0:00:26]} 33. Qa4 {[%emt 0:00:06]} Rd4 {[%emt 0:00:01]} 34. Qa2 {[%emt 0:00:07]} Kxb7 {[%emt 0:00:25]} 35. a6+ {[%emt 0:05:37]} Kb6 {[%emt 0:02:38]} 36. Qe2 {[%emt 0:00:16]} Qd3 {[%emt 0:00:34]} 37. Qb2 {[%emt 0:00:32]} Rc4 {[%emt 0:00:51]} 38. Re1 {[%emt 0:01:11]} Qd4 {[%emt 0:00:01]} 39. Qe2 {[%emt 0:00:27]} Qd5 {[%emt 0:01:50]} 40. Qe3+ {[%emt 0:00:57]} Rc5 {[%emt 0:00:36]} 41. Rb1 {[%emt 0:01:29]} e5 {[%emt 0:00:18]} 42. h4 {[%emt 0:01:30]} Qd4 {[%emt 0:00:25]} 43. Qf3 {[%emt 0:00:13]} Qd5 {[%emt 0:00:06]} 44. Qe3 {[%emt 0:00:08]} f5 {[%emt 0:00:47]} 45. g3 {[%emt 0:02:33]} h6 {[%emt 0:00:43]} 46. h5 {[%emt 0:00:48]} Qe4 {[%emt 0:01:06]} 47. Qb3 {[%emt 0:00:14]} Qc4 {[%emt 0:00:24]} 48. Qf3 {[%emt 0:00:28]} Qe4 {[%emt 0:00:05]} 49. Qb3 {[%emt 0:00:00]} Qd5 {[%emt 0:00:00]} 50. Qe3 {[%emt 0:00:00]} f4 {[%emt 0:00:14]} 51. gxf4 {[%emt 0:00:00]} exf4 {[%emt 0:01:29]} 52. Qe8 {[%emt 0:00:00]} f3 {[%emt 0:00:20]} 53. Qg6+ {[%emt 0:01:27]} Qd6 {[%emt 0:00:22]} 54. Qe4 {[%emt 0:00:29]} Qd5 {[%emt 0:00:42]} 55. Qg6+ {[%emt 0:00:07]} Qd6 {[%emt 0:00:35]} 56. Qe4 {[%emt 0:00:03]} Qd5 {[%emt 0:00:59]} 57. Qg6+ {[%emt 0:00:14]} Qd6 {[%emt 0:00:16]} 58. Qe4 {[%emt 0:00:20]} Qd5 {[%emt 0:00:01]} 59. Qg6+ Ka5 60. Ra1+ {[%emt 0:00:15]} 1/2-1/2

[Event "ROU-ch Open 2021"]
[Site "Iasi"]
[Date "2021.04.22"]
[Round "5.7"]
[White "Gheorghiu, Calin"]
[Black "Coca, Cristi-Iulian"]
[Result "1/2-1/2"]
[WhiteElo "2283"]
[BlackElo "2153"]
[Annotator "ChessBase"]
[PlyCount "77"]
[EventDate "2021.04.19"]
[EventType "swiss"]
[EventCountry "ROU"]
[SourceTitle "playchess.com"]
[Source "ChessBase"]
[SourceQuality "1"]
[TimeControl "5400+30"]

1. e4 {[%emt 0:00:04]} c5 {[%emt 0:00:00]} 2. Nf3 {[%emt 0:00:12]} e6 {[%emt 0:00:00]} 3. c3 {[%emt 0:00:34]} Nf6 {[%emt 0:02:36]} 4. Bd3 {[%emt 0:06:12]} Nc6 {[%emt 0:04:28]} 5. O-O {[%emt 0:00:17]} Be7 {[%emt 0:04:18]} 6. e5 {[%emt 0:08:33]} Ng4 {[%emt 0:07:55]} 7. Re1 {[%emt 0:03:39]} d6 {[%emt 0:01:56]} 8. Bb5 {[%emt 0:05:02]} Ngxe5 {[%emt 0:12:20]} 9. Nxe5 {[%emt 0:03:47]} dxe5 {[%emt 0:00:39]} 10. Bxc6+ {[%emt 0:00:52]} bxc6 {[%emt 0:00:45]} 11. c4 {[%emt 0:11:20]} O-O {[%emt 0:09:46]} 12. Nc3 {[%emt 0:01:45]} Qd4 {[%emt 0:08:22]} 13. d3 {[%emt 0:13:21]} f5 {[%emt 0:13:02]} 14. Be3 {[%emt 0:06:21]} Qh4 {[%emt 0:00:09]} 15. Na4 {[%emt 0:03:35]} Rb8 {[%emt 0:21:08]} 16. b3 {[%emt 0:01:10]} Rd8 {[%emt 0:05:33]} 17. g3 {[%emt 0:09:29]} Qf6 {[%emt 0:00:37]} 18. Qe2 {[%emt 0:01:33]} Qf8 {[%emt 0:00:10]} 19. Bc1 {[%emt 0:01:23]} Rb7 {[%emt 0:02:05]} 20. Bb2 {[%emt 0:01:51]} Rbd7 {[%emt 0:00:57]} 21. Bxe5 {[%emt 0:01:35]} Rxd3 {[%emt 0:00:30]} 22. Rad1 {[%emt 0:00:15]} Rxd1 {[%emt 0:01:03]} 23. Rxd1 {[%emt 0:00:06]} Bf6 {[%emt 0:01:34]} 24. Bxf6 {[%emt 0:03:29]} Qxf6 {[%emt 0:00:20]} 25. Rxd8+ {[%emt 0:00:47]} Qxd8 {[%emt 0:00:01]} 26. Qe5 {[%emt 0:00:21]} Qd1+ {[%emt 0:01:42]} 27. Kg2 {[%emt 0:00:02]} Qd4 {[%emt 0:00:09]} 28. Qb8 {[%emt 0:06:00]} Qe4+ {[%emt 0:00:04]} 29. f3 {[%emt 0:00:11]} Qe2+ {[%emt 0:00:04]} 30. Kh3 {[%emt 0:00:06]} g5 {[%emt 0:00:24]} 31. Qxc8+ {[%emt 0:00:12]} Kf7 {[%emt 0:00:21]} 32. Qd7+ {[%emt 0:01:13]} Kg6 {[%emt 0:00:34]} 33. Qe8+ {[%emt 0:00:22]} Kh6 {[%emt 0:00:43]} 34. Qf8+ {[%emt 0:00:12]} Kg6 {[%emt 0:00:09]} 35. Qg8+ {[%emt 0:02:03]} Kf6 {[%emt 0:01:09]} 36. Qh8+ {[%emt 0:00:37]} Kg6 {[%emt 0:00:04]} 37. Qg8+ {[%emt 0:00:22]} Kf6 {[%emt 0:00:06]} 38. Qh8+ {[%emt 0:00:08]} Kg6 {[%emt 0:00:09]} 39. Qe5 {[%emt 0:00:24]} 1/2-1/2